000 00890nam a2200265 a 4500
001 23461
003 BD-RjUL
005 20211209000931.0
008 140311r19621926enkb 001 0 eng
035 _a(BD-RjUL)23526
040 _aDLC
_cMnMohC
_dBD-RjUL
_beng
041 1 _aengfre
082 0 0 _223
_a911
_bBLP 1962
100 2 _aBlache,Paul Vidal de La
_972267
245 1 0 _aPrinciples of human geography /
_cby P. Vidal de La Blache, edited by Emmanuel de Martonne, translated from the French by Millicent Todd Bingham, PH. D.
260 _aLondon :
_bConstable publishers,
_c1926 [Reprinted 1962].
300 _axv, 511 p. :
_bill. ;
_c23 cm.
500 _aIncludes index.
650 0 _aHistorical geography.
_972268
700 1 _aMartonne, Emmanuel de
_972093
700 1 _aBingham, Millicent Todd
_972270
740 0 _aHuman geography.
942 _2ddc
_cBK
999 _c23461
_d23461